| 000 | 01155nam a22002655i 4500 | ||
|---|---|---|---|
| 001 | 124302 | ||
| 003 | ES-MaACL | ||
| 005 | 20250418063153.0 | ||
| 007 | t| | ||
| 008 | 070525m2004 sp ||||1|dspa d | ||
| 020 | _a84-672-0601-2 | ||
| 020 | _a84-8109-518-4 | ||
| 080 | _a821.134.2(85)-82"19" | ||
| 100 | 1 |
_aVargas Llosa, Mario, _d1936-2025 _9240060 |
|
| 245 | 1 | 0 |
_aObras completas / _cMario Vargas LLosa ; edición del autor al cuidado de Antoni Munné. |
| 250 | _a1ª ed. | ||
| 260 |
_aBarcelona : _bGalaxia Gutenberg, _c2004- |
||
| 300 |
_aVols. < I - V, VIII-X > ; _c22 cm. |
||
| 490 | 1 | _aOpera mundi | |
| 505 | 8 | _aContiene: I. Narraciones y novelas (1959-1967) -- II. Novelas (1969-1977) -- III. Novelas y teatro (1981-1986) -- IV. Novelas y teatro (1987-1997) -- V. Novelas (2000-2006): [La fiesta del chivo. El paraíso en la otra esquina. Travesuras de la niña mala] -- IX. Piedra de toque I (1962-1983) -- X: Piedra de toque II (1984-1999) -- XI. Piedra de toque III (2000-2012) | |
| 700 | 1 |
_aMunné i Tomàs, Antoni. _984213 |
|
| 830 | 0 |
_aOpera mundi _9180669 |
|
| 852 |
_aES-MaACL _jP-1992 |
||
| 999 |
_c124302 _d124302 |
||